[Event "IECC CL6-2005.20 email"]
[Site "IECC email"]
[Date "2006.01.02"]
[Round "?"]
[White "Popp, Tony"]
[Black "Bartlett, Rod"]
[Result "1/2-1/2"]
[WhiteElo "1367"]
[BlackElo "1361"]
[PlyCount "91"]
[EventDate "2005.??.??"]
[EventType "tourn (corr)"]
[EventRounds "4"]
[SourceTitle "Corr 2015"]
[Source "ChessBase"]
[SourceDate "2015.07.17"]
[SourceVersion "1"]
[SourceVersionDate "2015.07.17"]
[SourceQuality "1"]

1. d4 d5 2. c4 c6 3. Nf3 Nf6 4. Nc3 Bg4 5. Ne5 Bf5 6. cxd5 cxd5 7. e4 Nxe4 8. Nxe4 dxe4 9. Qb3 e6 10. Qxb7 Nd7 11. Nc6 Qc8 12. Ba6 Nb6 13. Bf4 e5 14. Bxe5 Bd7 15. Bc7 Nd5 16. Be5 Qxc6 17. Qxc6 Bxc6 18. Rc1 Kd7 19. a3 f6 20. Bg3 Bd6 21. b4 Rab8 22. Bxd6 Kxd6 23. Rc5 Nc7 24. Bc4 Bb5 25. Bxb5 Nxb5 26. Kd2 Nxd4 27. Ke3 Ne6 28. Rd1+ Ke7 29. Ra5 Rb7 30. Kxe4 Rc8 31. Rd2 Rc4+ 32. Ke3 Rc3+ 33. Rd3 Rc6 34. Rad5 Ng5 35. f4 Re6+ 36. Kf2 Ne4+ 37. Kf3 g6 38. g4 Rc7 39. h4 Nc3 40. Ra5 Rb6 41. Rc5 Nb5 42. a4 Rxc5 43. bxc5 Rc6 44. axb5 Rxc5 45. Ra3 Rc7 46. Re3+ 1/2-1/2

[Event "IECC CL6-2003.26 email"]
[Site "IECC email"]
[Date "2003.11.04"]
[Round "?"]
[White "Bartlett, Rod"]
[Black "Boyd, Edmund"]
[Result "1/2-1/2"]
[WhiteElo "1312"]
[BlackElo "1215"]
[PlyCount "65"]
[EventDate "2003.??.??"]
[EventType "tourn (corr)"]
[EventRounds "4"]
[SourceTitle "Corr 2008"]
[Source "ChessBase"]
[SourceDate "2008.06.24"]
[SourceVersion "1"]
[SourceVersionDate "2008.06.24"]
[SourceQuality "1"]

1. c4 e5 2. e3 Bb4 3. a3 Be7 4. Nc3 d6 5. Nf3 Nf6 6. Bd3 Bg4 7. h3 Bh5 8. 0-0 0-0 9. Be2 h6 10. d3 Nbd7 11. e4 Nc5 12. Nh4 Bg6 13. f4 exf4 14. Bxf4 Nh7 15. Nxg6 fxg6 16. Be3 Bf6 17. Qc2 Bg5 18. Rxf8+ Qxf8 19. Bxg5 Nxg5 20. Rf1 Qe7 21. Nd5 Qd8 22. b4 c6 23. Nf4 Nd7 24. Nxg6 Nxh3+ 25. gxh3 Qg5+ 26. Kh1 Qxg6 27. Rg1 Qf6 28. Qd2 Rf8 29. Rf1 Qh4 30. Rxf8+ Nxf8 31. Bg4 Qf6 32. a4 Ng6 33. a5 1/2-1/2

[Event "IECC CL6-2003.26 email"]
[Site "IECC email"]
[Date "2003.11.04"]
[Round "?"]
[White "Baznik Wilson, Anthony J"]
[Black "Bartlett, Rod"]
[Result "0-1"]
[WhiteElo "1184"]
[BlackElo "1286"]
[PlyCount "80"]
[EventDate "2003.??.??"]
[EventType "tourn (corr)"]
[EventRounds "4"]
[SourceTitle "Corr 2008"]
[Source "ChessBase"]
[SourceDate "2008.06.24"]
[SourceVersion "1"]
[SourceVersionDate "2008.06.24"]
[SourceQuality "1"]

1. d4 Nf6 2. c4 d5 3. Qa4+ c6 4. Nd2 Bd7 5. b3 c5 6. Qa3 dxc4 7. e3 cxd4 8. Nxc4 b5 9. Qa5 bxc4 10. Qxd8+ Kxd8 11. Bxc4 e6 12. exd4 Bb4+ 13. Ke2 Ke7 14. Nf3 Bc6 15. Ne5 Bc3 16. Rb1 Bxd4 17. Ba3+ Ke8 18. Bb5 Bxb5+ 19. Kd2 Bxe5 20. Rhe1 Nc6 21. Rbc1 Rd8+ 22. Ke3 Rd3+ 23. Ke2 Rxb3+ 24. Kd1 Rxa3 25. Rb1 a6 26. Rxb5 axb5 27. g3 Rxa2 28. f4 b4 29. fxe5 b3 30. Kc1 Ke7 31. Re3 Rb8 32. exf6+ gxf6 33. Rc3 b2+ 34. Kb1 Ra1+ 35. Kc2 b1Q+ 36. Kd2 Qe1+ 37. Kd3 Rd8+ 38. Kc4 Qe4+ 39. Kb5 Rb8+ 40. Kc5 Qd5# 0-1

[Event "IECC CL6-2003.26 email"]
[Site "IECC email"]
[Date "2003.11.04"]
[Round "?"]
[White "Nash, Chris"]
[Black "Bartlett, Rod"]
[Result "0-1"]
[WhiteElo "1253"]
[BlackElo "1298"]
[PlyCount "80"]
[EventDate "2003.??.??"]
[EventType "tourn (corr)"]
[EventRounds "4"]
[SourceTitle "Corr 2008"]
[Source "ChessBase"]
[SourceDate "2008.06.24"]
[SourceVersion "1"]
[SourceVersionDate "2008.06.24"]
[SourceQuality "1"]

1. e4 c5 2. Nf3 e6 3. d4 cxd4 4. Nxd4 Nc6 5. Nc3 Nf6 6. Nxc6 bxc6 7. e5 Nd5 8. Ne4 Qc7 9. Nd6+ Bxd6 10. exd6 Qxd6 11. c4 Qe5+ 12. Be2 Nb6 13. 0-0 0-0 14. Rb1 d5 15. cxd5 cxd5 16. b3 f6 17. Ba3 Rd8 18. Rc1 Bb7 19. Re1 Qg5 20. Bf3 Re8 21. Rc7 Rab8 22. Bg4 f5 23. Bh5 g6 24. Bf3 Qd8 25. Rc2 e5 26. Bb2 d4 27. Bxb7 Rxb7 28. Rc5 Nd7 29. Rc2 Nf6 30. f3 Rbe7 31. Qd3 Nd5 32. Rd2 Qa5 33. a3 Nf4 34. Qc4+ Qd5 35. Qa4 d3 36. b4 e4 37. fxe4 fxe4 38. Re3 Qe6 39. Qd1 Qb6 40. Qe1 Nd5 0-1

[Event "IECC CL6-2003.20 email"]
[Site "IECC email"]
[Date "2003.08.24"]
[Round "?"]
[White "Koch, Michael B"]
[Black "Bartlett, Rod"]
[Result "1/2-1/2"]
[WhiteElo "1287"]
[BlackElo "1225"]
[PlyCount "39"]
[EventDate "2003.??.??"]
[EventType "tourn (corr)"]
[EventRounds "4"]
[SourceTitle "Corr 2008"]
[Source "ChessBase"]
[SourceDate "2008.06.24"]
[SourceVersion "1"]
[SourceVersionDate "2008.06.24"]
[SourceQuality "1"]

1. d4 d5 2. Nf3 e6 3. e3 c5 4. b3 Nf6 5. Bb2 Nc6 6. Be2 b6 7. 0-0 Be7 8. Bb5 Bd7 9. dxc5 Bxc5 10. Nbd2 0-0 11. Bd3 h6 12. c4 Nb4 13. Be2 dxc4 14. Nxc4 Nfd5 15. Nfe5 b5 16. Nxd7 Qxd7 17. Ne5 Qb7 18. Qd2 Rfd8 19. Qc1 Rac8 20. Qb1 1/2-1/2

[Event "IECC CL6-2003.07 email"]
[Site "IECC email"]
[Date "2003.03.23"]
[Round "?"]
[White "Bartlett, Rod"]
[Black "Embrechts, Wim"]
[Result "1-0"]
[WhiteElo "1233"]
[BlackElo "1246"]
[PlyCount "21"]
[EventDate "2003.??.??"]
[EventType "tourn (corr)"]
[EventRounds "4"]
[SourceTitle "Corr 2008"]
[Source "ChessBase"]
[SourceDate "2008.06.24"]
[SourceVersion "1"]
[SourceVersionDate "2008.06.24"]
[SourceQuality "1"]

1. d4 d5 2. e3 e6 3. c4 Nf6 4. Nc3 Bd6 5. c5 Be7 6. Nf3 0-0 7. Bd3 b6 8. b4 a5 9. b5 bxc5 10. dxc5 Bxc5 11. Qc2 1-0

[Event "IECC CL6-2003.07 email"]
[Site "IECC email"]
[Date "2003.03.23"]
[Round "?"]
[White "Bartlett, Rod"]
[Black "Williams, Brett"]
[Result "1-0"]
[WhiteElo "1216"]
[BlackElo "1248"]
[PlyCount "53"]
[EventDate "2003.??.??"]
[EventType "tourn (corr)"]
[EventRounds "4"]
[SourceTitle "Corr 2008"]
[Source "ChessBase"]
[SourceDate "2008.06.24"]
[SourceVersion "1"]
[SourceVersionDate "2008.06.24"]
[SourceQuality "1"]

1. d4 d5 2. e3 Nf6 3. c4 e6 4. Nc3 Nc6 5. Nf3 Bb4 6. Bd2 0-0 7. a3 Bxc3 8. Bxc3 Ne4 9. Rc1 a5 10. Bd3 Qf6 11. Bxe4 dxe4 12. Nd2 Qg6 13. 0-0 b6 14. f3 f5 15. fxe4 fxe4 16. Rxf8+ Kxf8 17. Qc2 Ne7 18. Qxe4 Qxe4 19. Nxe4 Bb7 20. Ng5 Ke8 21. Nxe6 Kf7 22. d5 c6 23. Rf1+ Ke8 24. Nc7+ Kd7 25. Nxa8 Bxa8 26. e4 b5 27. b3 1-0

[Event "IECC CL6-2003.07 email"]
[Site "IECC email"]
[Date "2003.03.23"]
[Round "?"]
[White "Paas, Christian"]
[Black "Bartlett, Rod"]
[Result "0-1"]
[WhiteElo "1196"]
[BlackElo "1232"]
[PlyCount "56"]
[EventDate "2003.??.??"]
[EventType "tourn (corr)"]
[EventRounds "4"]
[SourceTitle "Corr 2008"]
[Source "ChessBase"]
[SourceDate "2008.06.24"]
[SourceVersion "1"]
[SourceVersionDate "2008.06.24"]
[SourceQuality "1"]

1. e4 e5 2. Nf3 Nf6 3. Nc3 a6 4. Bc4 b5 5. Bxf7+ Kxf7 6. Nxe5+ Ke8 7. d3 d6 8. Nf3 Nc6 9. Qe2 Be7 10. e5 dxe5 11. 0-0 Bg4 12. Ne4 Nd4 13. Neg5 Nxe2+ 14. Kh1 Nxc1 15. Raxc1 Bxf3 16. Nxf3 Bd6 17. Ng5 h6 18. Nf3 Rf8 19. Rfe1 Rf7 20. h3 Kf8 21. Rcd1 c5 22. Nxe5 Bxe5 23. Rxe5 Qd4 24. Re2 Nh5 25. c3 Qh4 26. Rdd2 Re8 27. Kh2 Rxe2 28. Rxe2 Rxf2 0-1

[Event "IECC CL7-2002.27"]
[Site "IECC email"]
[Date "2002.12.20"]
[Round "?"]
[White "Blackmore, Graham"]
[Black "Bartlett, Rod"]
[Result "0-1"]
[WhiteElo "1096"]
[BlackElo "1207"]
[PlyCount "64"]
[EventDate "2002.??.??"]
[EventType "tourn (corr)"]
[EventRounds "4"]
[SourceTitle "Corr 2008"]
[Source "ChessBase"]
[SourceDate "2008.06.24"]
[SourceVersion "1"]
[SourceVersionDate "2008.06.24"]
[SourceQuality "1"]

1. c4 c5 2. Nc3 Nc6 3. g3 b6 4. Bg2 Bb7 5. Nf3 g6 6. 0-0 Bg7 7. e3 e6 8. Qe2 Nge7 9. b3 0-0 10. Bb2 Qc8 11. Rad1 d5 12. cxd5 Ba6 13. d3 exd5 14. Ng5 Qd8 15. e4 d4 16. Na4 Bb5 17. h4 h6 18. Nh3 Bxa4 19. bxa4 Qd7 20. f4 Rae8 21. g4 Nd5 22. f5 Ne3 23. fxg6 Nxf1 24. Rxf1 fxg6 25. Nf4 Ne5 26. Bh3 g5 27. hxg5 hxg5 28. Nh5 Rxf1+ 29. Kxf1 Rf8+ 30. Kg2 Qxa4 31. Nf4 Kh7 32. Qd2 Nxd3 0-1

[Event "IECC O email"]
[Site "IECC email"]
[Date "2002.11.28"]
[Round "?"]
[White "Bartlett, Rod"]
[Black "Offiler, David"]
[Result "1-0"]
[WhiteElo "1219"]
[BlackElo "1100"]
[PlyCount "45"]
[EventDate "2002.??.??"]
[EventType "tourn (corr)"]
[EventRounds "6"]
[SourceTitle "Corr 2008"]
[Source "ChessBase"]
[SourceDate "2008.06.24"]
[SourceVersion "1"]
[SourceVersionDate "2008.06.24"]
[SourceQuality "1"]

1. e4 d5 2. exd5 e6 3. dxe6 fxe6 4. d4 Nc6 5. Nf3 b6 6. Bb5 Bb7 7. 0-0 a6 8. Bc4 Na5 9. Bxe6 Nf6 10. Re1 Qd6 11. Ng5 Nc6 12. Bc8+ Be7 13. Bxb7 Ra7 14. Bxc6+ Qxc6 15. Ne6 Ra8 16. Qe2 Nd5 17. Nxg7+ Kf7 18. Qe6+ Qxe6 19. Nxe6 c6 20. Bd2 Rhg8 21. Nc3 Nf6 22. Re2 c5 23. dxc5 1-0

[Event "IECC O email"]
[Site "IECC email"]
[Date "2001.11.27"]
[Round "?"]
[White "Newman, Gregory"]
[Black "Bartlett, Rod"]
[Result "0-1"]
[WhiteElo "1161"]
[BlackElo "1164"]
[PlyCount "74"]
[EventDate "2001.??.??"]
[EventType "tourn (corr)"]
[EventRounds "6"]
[SourceTitle "Corr 2008"]
[Source "ChessBase"]
[SourceDate "2008.06.24"]
[SourceVersion "1"]
[SourceVersionDate "2008.06.24"]
[SourceQuality "1"]

1. Nf3 d5 2. Nc3 d4 3. Ne4 h6 4. c3 dxc3 5. bxc3 e6 6. d4 Nf6 7. Nxf6+ Qxf6 8. e4 b6 9. Bd3 Bb7 10. 0-0 Nd7 11. e5 Qd8 12. Qe2 c5 13. Be3 Rc8 14. dxc5 Bxf3 15. Qxf3 Bxc5 16. Bf4 Rc7 17. Rad1 Qc8 18. Rfe1 Bf8 19. Bb5 Be7 20. Qg3 g5 21. Bxg5 hxg5 22. Qf3 a6 23. Ba4 b5 24. Bc2 Rxc3 25. Bd3 Rc5 26. Rc1 Rxc1 27. Rxc1 Qxc1+ 28. Bf1 0-0 29. Qe4 Nc5 30. Qb4 Rd8 31. g3 Rd1 32. Kg2 Rxf1 33. Qd4 Rg1+ 34. Kf3 Qa3+ 35. Kg4 Qxa2 36. Qe3 Qc4+ 37. Kh5 Rh1 0-1

[Event "IECC O email"]
[Site "IECC email"]
[Date "2001.10.23"]
[Round "?"]
[White "Spol, Chris"]
[Black "Bartlett, Rod"]
[Result "1/2-1/2"]
[WhiteElo "1059"]
[BlackElo "1099"]
[PlyCount "65"]
[EventDate "2001.??.??"]
[EventType "tourn (corr)"]
[EventRounds "6"]
[SourceTitle "Corr 2008"]
[Source "ChessBase"]
[SourceDate "2008.06.24"]
[SourceVersion "1"]
[SourceVersionDate "2008.06.24"]
[SourceQuality "1"]

1. e4 e5 2. Nf3 d6 3. Bc4 Nc6 4. d4 Be7 5. Be3 Bf6 6. 0-0 Bg4 7. d5 Nce7 8. Nc3 Qd7 9. h3 Bh5 10. Nxe5 Bxd1 11. Nxd7 Bxc3 12. Rfxd1 Nf6 13. Nxf6+ Bxf6 14. a4 0-0 15. g4 Ng6 16. f4 Rfe8 17. Bd3 c6 18. dxc6 bxc6 19. Rab1 Bd8 20. b4 Bb6 21. Bxb6 axb6 22. f5 Nf4 23. Ra1 Nxh3+ 24. Kg2 Ng5 25. Re1 Ra7 26. a5 b5 27. c4 bxc4 28. Bxc4 Nxe4 29. b5 cxb5 30. Bxb5 Re5 31. Bc6 Nc5 32. Red1 Kf8 33. Rxd6 1/2-1/2

[Event "IECC O email"]
[Site "IECC email"]
[Date "2001.09.12"]
[Round "?"]
[White "Bartlett, Rod"]
[Black "Monill, Favio"]
[Result "0-1"]
[WhiteElo "1088"]
[BlackElo "1000"]
[PlyCount "48"]
[EventDate "2001.??.??"]
[EventType "tourn (corr)"]
[EventRounds "6"]
[SourceTitle "Corr 2008"]
[Source "ChessBase"]
[SourceDate "2008.06.24"]
[SourceVersion "1"]
[SourceVersionDate "2008.06.24"]
[SourceQuality "1"]

1. e4 c6 2. d4 d5 3. e5 Bf5 4. Be3 e6 5. Be2 Nd7 6. Nd2 Bb4 7. c3 Ba5 8. Ngf3 Ne7 9. h3 Qc7 10. b4 Bb6 11. c4 dxc4 12. Nxc4 0-0 13. Bd3 Rad8 14. Qb3 Bxd3 15. Qxd3 a5 16. a3 axb4 17. Ng5 Ng6 18. axb4 c5 19. Nxb6 cxd4 20. Nxd7 dxe3 21. Rd1 Rxd7 22. Qxe3 Rxd1+ 23. Kxd1 Rd8+ 24. Ke1 Qc2 0-1

[Event "IECC O email"]
[Site "IECC email"]
[Date "2001.04.16"]
[Round "?"]
[White "Adams, Scott"]
[Black "Bartlett, Rod"]
[Result "0-1"]
[WhiteElo "1000"]
[BlackElo "1079"]
[PlyCount "42"]
[EventDate "2001.??.??"]
[EventType "tourn (corr)"]
[EventRounds "6"]
[SourceTitle "Corr 2008"]
[Source "ChessBase"]
[SourceDate "2008.06.24"]
[SourceVersion "1"]
[SourceVersionDate "2008.06.24"]
[SourceQuality "1"]

1. e4 e5 2. Nf3 d6 3. c4 Nc6 4. Nc3 Nf6 5. Qb3 b6 6. Qb5 Bd7 7. d3 a5 8. Bg5 Nd4 9. Nxd4 exd4 10. Bxf6 gxf6 11. Qd5 dxc3 12. bxc3 Rg8 13. Qh5 h6 14. h4 Qe7 15. f4 f5 16. 0-0-0 0-0-0 17. exf5 Ba4 18. Kb2 Bxd1 19. Qxd1 d5 20. Qf3 Qa3+ 21. Kb1 Qxc3 0-1

[Event "IECC O email"]
[Site "IECC email"]
[Date "2000.05.30"]
[Round "?"]
[White "Bartlett, Rod"]
[Black "Thomas, Benjamin"]
[Result "1-0"]
[WhiteElo "1038"]
[BlackElo "1059"]
[PlyCount "49"]
[EventDate "2000.??.??"]
[EventType "tourn (corr)"]
[EventRounds "6"]
[SourceTitle "Corr 2008"]
[Source "ChessBase"]
[SourceDate "2008.06.24"]
[SourceVersion "1"]
[SourceVersionDate "2008.06.24"]
[SourceQuality "1"]

1. d4 g6 2. c4 d6 3. Nc3 Bg7 4. e4 Nc6 5. Be3 Qd7 6. Nf3 b6 7. Bd3 Nb4 8. 0-0 Bb7 9. Be2 Nf6 10. a3 Na6 11. Qc2 Ng4 12. Qd3 Nxe3 13. Qxe3 c6 14. Rac1 h5 15. Rc2 Bh6 16. Qd3 Rc8 17. e5 d5 18. cxd5 cxd5 19. Re1 e6 20. Nb5 Rxc2 21. Qxc2 Bc6 22. Nd6+ Ke7 23. Bxa6 b5 24. Qc5 Bf8 25. Rc1 1-0

[Event "IECC O email"]
[Site "IECC email"]
[Date "2000.04.10"]
[Round "?"]
[White "Bartlett, Rod"]
[Black "Wood, Simon"]
[Result "0-1"]
[WhiteElo "1055"]
[BlackElo "1054"]
[PlyCount "62"]
[EventDate "2000.??.??"]
[EventType "tourn (corr)"]
[EventRounds "6"]
[SourceTitle "Corr 2008"]
[Source "ChessBase"]
[SourceDate "2008.06.24"]
[SourceVersion "1"]
[SourceVersionDate "2008.06.24"]
[SourceQuality "1"]

1. d4 Nf6 2. c4 e6 3. Nc3 Bb4 4. Bd2 Nc6 5. e3 d5 6. Nf3 a6 7. Bd3 Bd7 8. a3 Bd6 9. Rc1 dxc4 10. Bxc4 0-0 11. 0-0 b5 12. Bd3 e5 13. dxe5 Nxe5 14. Nxe5 Bxe5 15. f4 Bd6 16. Ne4 Bf5 17. Nxf6+ Qxf6 18. Bc3 Qg6 19. Bc2 Rad8 20. Bxf5 Qxf5 21. Qc2 Qe6 22. Rfe1 c5 23. Re2 Rfe8 24. Kf2 Qh6 25. Rh1 Bc7 26. h3 Re7 27. b4 Bb6 28. g3 Rde8 29. Kf3 c4 30. e4 f5 31. Be5 Rd7 0-1

[Event "IECC O email"]
[Site "IECC email"]
[Date "2000.02.06"]
[Round "?"]
[White "Paccione, Patrizio"]
[Black "Bartlett, Rod"]
[Result "1/2-1/2"]
[WhiteElo "1000"]
[BlackElo "1000"]
[PlyCount "44"]
[EventDate "2000.??.??"]
[EventType "tourn (corr)"]
[EventRounds "6"]
[SourceTitle "Corr 2008"]
[Source "ChessBase"]
[SourceDate "2008.06.24"]
[SourceVersion "1"]
[SourceVersionDate "2008.06.24"]
[SourceQuality "1"]

1. e4 e5 2. f4 d6 3. Nf3 Nc6 4. Nc3 Bg4 5. Bb5 Qd7 6. fxe5 Bxf3 7. Qxf3 dxe5 8. Qf5 f6 9. Qxd7+ Kxd7 10. d3 Bb4 11. Be3 Bxc3+ 12. bxc3 Nge7 13. d4 a6 14. Ba4 b5 15. Bb3 Rad8 16. a4 exd4 17. cxd4 Ra8 18. axb5 axb5 19. Rxa8 Rxa8 20. 0-0 Nd8 21. e5 Ra6 22. exf6 Rxf6 1/2-1/2